000 00690nam a2200241Ia 4500
003 OSt
005 20221006155253.0
006 a|||||r|||| 00| 0
007 ta
008 221006b |||||||| |||| 00| 0 eng d
024 _a41,360
037 _cSeries Articles
040 _aEASL
_cEASL
_beng
041 _2eng
_aeng
100 _aZhuojun Wang
_9668781
245 0 _aKnowledge community,value base and system consciousness
_ba reflection on innovation in philosophy ans social sciences
260 _aBeijing
_bRoutledge China
_c2012
300 _a157-170
_ccm.
490 _v33
650 _aChina
942 _cREF
_2CC
999 _c1109446
_d1109446